| Tag |
First Indicator |
Second Indicator |
Subfields |
| LEADER |
00000cam a2200000 i 4500 |
| 001 |
in00004089621 |
| 006 |
m o d f |
| 007 |
cr c|||||||||| |
| 008 |
190925s2019 vauab ob f000 0 eng c |
| 005 |
20220810160922.1 |
| 035 |
|
|
|a (OCoLC)on1120782455
|
| 040 |
|
|
|a GPO
|b eng
|e rda
|e pn
|c GPO
|d MvI
|
| 042 |
|
|
|a pcc
|
| 043 |
|
|
|a n-us-la
|
| 049 |
|
|
|a WWW
|
| 074 |
|
|
|a 0621-L (online)
|
| 086 |
0 |
|
|a I 19.127:2018-3068
|
| 245 |
0 |
0 |
|a Water resources of Morehouse Parish, Louisiana.
|
| 264 |
|
1 |
|a [Reston, Va.] :
|b U.S. Department of the Interior, U.S. Geological Survey,
|c 2019.
|
| 300 |
|
|
|a 1 online resource (6 unnumbered pages) :
|b color illustrations, color maps.
|
| 336 |
|
|
|a text
|b txt
|2 rdacontent
|
| 337 |
|
|
|a computer
|b c
|2 rdamedia
|
| 338 |
|
|
|a online resource
|b cr
|2 rdacarrier
|
| 490 |
1 |
|
|a Fact sheet / U.S. Geological Survey,
|x 2327-6932 ;
|v 2018-3068
|
| 500 |
|
|
|a "Prepared in cooperation with the Louisiana Department of Transportation and Development."
|
| 500 |
|
|
|a "June 2019."
|
| 500 |
|
|
|a GPO Cataloging Record Distribution Program (CRDP).
|
| 504 |
|
|
|a Includes bibliographical references (page 6).
|
| 588 |
|
|
|a Description based on online resource; title from PDF caption (USGS, viewed on September 9, 2019).
|
| 650 |
|
0 |
|a Water-supply
|z Louisiana
|z Morehouse Parish.
|
| 650 |
|
0 |
|a Water quality
|z Louisiana
|z Morehouse Parish.
|
| 650 |
|
0 |
|a Water consumption
|z Louisiana
|z Morehouse Parish.
|
| 710 |
2 |
|
|a Geological Survey (U.S.),
|e issuing body.
|
| 710 |
1 |
|
|a Louisiana.
|b Department of Transportation and Development.
|
| 776 |
0 |
8 |
|i Print version:
|a White, Vincent E. (Vincent Edward), 1979-
|t Water resources of Morehouse Parish, Louisiana
|w (OCoLC)1290321956
|
| 830 |
|
0 |
|a Fact sheet (Geological Survey (U.S.)) ;
|v 2018-3068.
|
| 856 |
4 |
0 |
|u https://purl.fdlp.gov/GPO/gpo125663
|t 0
|
| 999 |
f |
f |
|s 88706976-aa2a-4811-84c4-4940565070b2
|i 4e3a696f-df07-3127-a294-28427abc1ade
|t 0
|
| 952 |
f |
f |
|a Texas A&M University
|b College Station
|c Electronic Resources
|d Available Online
|t 0
|e I 19.127:2018-3068
|h Superintendent of Documents classification
|
| 998 |
f |
f |
|a I 19.127:2018-3068
|t 0
|l Available Online
|